Welcome to the Holygrace Academy Library

Please use search bar below to get started

WIZARDS OF WAVERLY PLACE (Record no. 461)

MARC details
000 -LEADER
fixed length control field 00376nam a22001457a 4500
020 ## - INTERNATIONAL STANDARD BOOK NUMBER
ISBN 978-1-4075-8162-0
082 ## - DEWEY DECIMAL CLASSIFICATION NUMBER
Classification number 823
Item number BEE/H
100 ## - MAIN ENTRY--AUTHOR NAME
Personal name BETH BEECHWOOD
245 ## - TITLE STATEMENT
Title WIZARDS OF WAVERLY PLACE
Remainder of title HAYWIRE
260 ## - PUBLICATION, DISTRIBUTION, ETC. (IMPRINT)
Place of publication UNITED KINGDOM
Name of publisher PARRAGON
Year of publication 2009
300 ## - PHYSICAL DESCRIPTION
Number of Pages 119
520 ## - SUMMARY, ETC.
Summary, etc WILL ALEX'S DATE BE MEMORABLE OR A MAJOR DISASTER?
650 ## - SUBJECT ADDED ENTRY--TOPICAL TERM
Topical Term SWEET REVENGE
942 ## - ADDED ENTRY ELEMENTS (KOHA)
Koha item type Books

No items available.